Slovenia Country Quiz - Statistics

General Stats
  • This quiz has been taken 30,818 times
    30,734 since last reset
  • The average score is 14 of 20
Answer Stats
Hint Answer % Correct
Countries that border Slovenia Croatia
97%
Countries that border Slovenia Italy
97%
Countries that border Slovenia Austria
96%
Currency of Slovenia Euro
95%
Countries that border Slovenia Hungary
95%
Official language Slovene
95%
Country from which Slovenia gained its independence in 1991 Yugoslavia
95%
Capital city Ljubljana
92%
Slovenian-born model who became First Lady of the U.S. {Melania} Trump
88%
Ethnic group that includes Slovenians, Russians, and Poles Slavs
87%
Part of the Mediterranean that Slovenia borders Adriatic Sea
80%
Between 1880–1910 an estimated 1/6th of Slovenes emigrated, mostly to this country United States
74%
Range in which the above is located Julian {Alps}
62%
Type of building you can visit on a tiny island in the middle of Lake Bled Church
54%
Second most populous city Maribor
40%
Blind aquatic salamanders known as "olm" inhabit Slovenia. Where would you find them? In a cave
39%
Name one of the three major rivers that run through Slovenia Sava | Drava | Mura
34%
Western Slovenia is known as the Slovene Littoral. What is the meaning of the word "littoral"? Shore
31%
Tallest mountain, which appears on the flag Mount Triglav
30%
Currency before the above Tolar
23%
No matching quizzes found
Score Distribution
Percent of People with Each Score
Percentile by Number Answered
Your Score History
You have not taken this quiz since the last reset